| 000 | 01375nam a2200409 c 4500 | ||
|---|---|---|---|
| 001 | 22058 | ||
| 003 | ES-MaCES | ||
| 005 | 20150929131724.0 | ||
| 008 | 090414s2008 sp 000 | spa d | ||
| 017 |
_aAB 484-2008 _bDL |
||
| 020 | _a9788496721630 | ||
| 035 | _aCES20090004385m | ||
| 040 |
_aES-MaCES _bspa _cES-MaCES |
||
| 100 | 1 |
_aCalvo Gallego, Francisco Javier _98760 |
|
| 245 | 1 | 0 |
_aCódigos éticos y derechos de los trabajadores _b: una aproximación a la práctica en las empresas españolas _cFco. Javier Calvo Gallego |
| 250 | _a1ª ed | ||
| 260 |
_aAlbacete _bBomarzo _c2008 |
||
| 300 |
_a93 p. _c21 cm |
||
| 490 | 1 |
_aBásicos de Derecho social _v39 |
|
| 504 | _aCódigos de conducta : p. 91-93 | ||
| 541 | _cCompra | ||
| 650 | 4 |
_acódigo de conducta _929864 |
|
| 650 | 4 |
_aderechos de los trabajadores _929924 |
|
| 650 | 4 |
_aética _927324 |
|
| 650 | 4 |
_aresponsabilidad social _930590 |
|
| 650 | 4 |
_aactitud de los trabajadores _928365 |
|
| 650 | 4 |
_aEspaña _926964 |
|
| 650 | 4 |
_arégimen jurídico _929894 |
|
| 653 | 1 | 0 | _aDerecho del trabajo y Seguridad Social |
| 650 | 4 |
_928178 _aempresa |
|
| 650 | 4 |
_930601 _aestrategia empresarial |
|
| 650 | 4 |
_928371 _aactitud de la dirección |
|
| 830 | 0 |
_aBásicos de Derecho social _v39 _933978 |
|
| 902 | _aLIB Libro | ||
| 942 |
_2CES _cBK _h6.0.1. |
||
| 999 |
_c22058 _d22058 |
||